Guess the football club by logo - Statistics

General Stats
  • This quiz has been taken 49 times
  • The average score is 9 of 16
Answer Stats
Picture Answer % Correct
Molde FK
82%
AC Monza
78%
Steaua Bucarest
78%
FC Lorient
73%
AFC Wimbledon
71%
Ferencvárosi TC
67%
Shamrock Rovers FC
67%
Başakşehir FK
62%
Sydney FC
62%
Cruz Azul
60%
Lech Poznan
60%
Seattle Sounders FC
56%
KVC Westerlo
36%
PEC Zwolle
33%
OFI Crete
18%
Raja Casablanca
18%
No matching quizzes found
Score Distribution
Percent of People with Each Score
Percentile by Number Answered
Your Score History
You have not taken this quiz